The New Encyclopaedia Britannica; Vol. 33, Annual. (Record no. 1036)

000 -LEADER
fixed length control field 00690nam a2200193 a 4500
001 - CONTROL NUMBER
control field :::00017019$&:&@@
003 - CONTROL NUMBER IDENTIFIER
control field OkBaRHE
005 - DATE AND TIME OF LATEST TRANSACTION
control field 20100326115644.0
008 - FIXED-LENGTH DATA ELEMENTS--GENERAL INFORMATION
fixed length control field s1990 g 000 0 eng u
020 ## - INTERNATIONAL STANDARD BOOK NUMBER
International Standard Book Number 0852295111
040 ## - CATALOGING SOURCE
Transcribing agency
245 14 - TITLE STATEMENT
Title The New Encyclopaedia Britannica; Vol. 33, Annual.
260 ## - PUBLICATION, DISTRIBUTION, ETC. (IMPRINT)
Place of publication, distribution, etc Chicago
Name of publisher, distributor, etc Encyclopaedia Britannica
Date of publication, distribution, etc 1990
300 ## - PHYSICAL DESCRIPTION
Extent 33 v. : ill. (some col.) ;
Dimensions 29 cm.
650 ## - SUBJECT ADDED ENTRY--TOPICAL TERM
Topical term or geographic name as entry element Encyclopedias and dictionaries.
9 (RLIN) 296
700 ## - ADDED ENTRY--PERSONAL NAME
Personal name Encyclopaedia Britannica, inc.
9 (RLIN) 321
942 ## - ADDED ENTRY ELEMENTS (KOHA)
Source of classification or shelving scheme
Koha item type Books
Copies
Source of classification or shelving scheme Lost status Full call number Permanent Location Damaged status Date last seen Withdrawn status Price effective from Copy number Koha item type Not for loan Date acquired Collection code Barcode Shelving location Current Location
  AE 5 .E363 v.33 1990RHEMA Bible Training College 2018-01-09 2010-04-141Books 2010-04-14Reference17019General StacksRHEMA Bible Training College